Software project management. / (Record no. 7054)
[ view plain ]
| 000 -LEADER | |
|---|---|
| fixed length control field | 00918nam a22001817a 4500 |
| 008 - FIXED-LENGTH DATA ELEMENTS--GENERAL INFORMATION | |
| fixed length control field | 200203b xxu||||| |||| 00| 0 eng d |
| 020 ## - INTERNATIONAL STANDARD BOOK NUMBER | |
| International Standard Book Number | 9780077122799 |
| 050 ## - LIBRARY OF CONGRESS CALL NUMBER | |
| Classification number | QA76.76.D47 H87(5e) |
| 100 ## - MAIN ENTRY--PERSONAL NAME | |
| Personal name | Hughes, Bob. |
| 245 ## - TITLE STATEMENT | |
| Title | Software project management. / |
| Statement of responsibility, etc. | Bob Hughes. |
| 250 ## - EDITION STATEMENT | |
| Edition statement | 5th ed. |
| 260 ## - PUBLICATION, DISTRIBUTION, ETC. | |
| Place of publication, distribution, etc. | London : |
| Name of publisher, distributor, etc. | McGraw-Hill/ Education, |
| Date of publication, distribution, etc. | 2009 |
| 300 ## - PHYSICAL DESCRIPTION | |
| Extent | xvii, 392 p. : |
| Other physical details | ill. ; |
| Dimensions | 25 cm. |
| 500 ## - GENERAL NOTE | |
| General note | Includes appendix and index. |
| 505 ## - FORMATTED CONTENTS NOTE | |
| Formatted contents note | Contents: Introduction to software project management -- Project evaluation and programme management -- An overview of project planning -- Selection of an appropriate project approach -- Software effort estimation -- Activity planning -- Risk management -- Resource allocation -- Monitoring and control -- Managing contracts -- Managing people in software environments -- Working in teams -- Software quality. |
| 700 ## - ADDED ENTRY--PERSONAL NAME | |
| Personal name | Cotterell, Mike. |
| 942 ## - ADDED ENTRY ELEMENTS (KOHA) | |
| Source of classification or shelving scheme | Library of Congress Classification |
| Koha item type | Books |
| Withdrawn status | Lost status | Source of classification or shelving scheme | Damaged status | Not for loan | Home library | Current library | Shelving location | Date acquired | Total Checkouts | Full call number | Barcode | Date last seen | Copy number | Price effective from | Koha item type |
|---|---|---|---|---|---|---|---|---|---|---|---|---|---|---|---|
| Library of Congress Classification | WISCONSIN INTERNATIONAL UNIVERSITY COLLEGE, GHANA - MAIN LIBRARY | WISCONSIN INTERNATIONAL UNIVERSITY COLLEGE, GHANA - MAIN LIBRARY | 03/02/2020 | QA76.76.D47 H87(5e) | 8571/023/20 | 03/02/2020 | 1 | 03/02/2020 | Books | ||||||
| Library of Congress Classification | WISCONSIN INTERNATIONAL UNIVERSITY COLLEGE, GHANA - MAIN LIBRARY | WISCONSIN INTERNATIONAL UNIVERSITY COLLEGE, GHANA - MAIN LIBRARY | 03/02/2020 | QA76.76.D47 H871(5e) | 8572/024/20 | 03/02/2020 | 2 | 03/02/2020 | Books |
